000 01074nam a2200217Ia 4500
003 Ost
005 20260507075641.0
008 260507s9999||||xx |||||||||||||| ||und||
040 _cfsecg
041 _aara
082 _a658.5
100 _aالبكري، سونيا محمد
_eمؤلف
245 0 _aإدارة الجودة الكلية /
_c سونيا محمد البكري
260 _aالإسكندرية:
_bالدار الجامعية,
_c2004
300 _a363 صفحة؛
_bإيضاحات ؛
_c24 سم
520 _aالمفاهيم الأساسية للجودة ، إدارة الجودة الكلية- الإنتاجية، مداخل تحسين الإنتاجية، انتاجية العمالة، تخطيط أنشطة الصيانة للتسهيلات الإنتاجية، الوقت المحدد، التحسين المستمر للعمليات ، القياس المقارن لافضل اداء ، إعادة الهندسة- إيزو9000
653 _aإدارة الجودة
653 _aالإنتاج
653 _aالجودة
942 _cكتاب
999 _c45404
_d45404